| 000 | 00713nam a22002297a 4500 | ||
|---|---|---|---|
| 003 | UA-OsUOA | ||
| 001 | 32682 | ||
| 007 | ta | ||
| 008 | 20050209b un ||||| |||| 00| 0 ukr d | ||
| 090 |
_a947(477) _bН11 |
||
| 942 | _cBK | ||
| 040 |
_aUA-OsUOA _bukr _cUA-OsUOA _dUA-OsUOA |
||
| 245 |
_aНа службі рідного народу _bЮвілейний збірник організації українок Канади ім. Ольги Басараб у 25-річчя від заснування. (1930-1955) _cРед. І.Книш |
||
| 300 | _a500 с. | ||
| 955 | _a0 | ||
| 041 | _aukr | ||
| 080 | _a947(477) | ||
| 260 |
_aВінніпег _c1960 |
||
| 044 | _aCA | ||
| 650 | 7 | _2UDC | |
| 999 |
_c319130 _d319130 |
||